Datum a čas kvízu
23
Celkem bodů
Celkový počet nahraných bodů na tomto kvízu bez doplňovacích otázek.
14.
Pořadí na kvízu
Konečné umístění týmu na tomto kvízu.
Zaznamenané odpovědi
| # | Otázka | Odpověď | Body | Výsledky |
|---|---|---|---|---|
| 1. | Medvědu ušatému jménem Jirka v... | Konopiště | 0 | |
| 2. | V pondělí proběhla inaugurace... | Michelle Obama | 1 | |
| 3. | Reality show Bachelor ve střed... | Sabina (Pšádová) | 0 | |
| 4. | Automobilka Citroën již zaháji... | 2CV (Kachna, Kačena, Kachnička) | 0 | |
| 5. | Úterní zápas fotbalové Ligy mi... | Benfica (Lisabon), Barcelona | 0 | |
| 6. | Za půl bodu napište, jak se jm... | Tři soutěsky; Čína | 0.5 | |
| 7. | Zhruba od roku 1989 se v Angli... | přílivová | 0 | |
| 8. | Akademik Lomonosov je ruská ja... | B | 1 | |
| 9. | Soustava Niagarských vodních e... | o Nikolu Teslu | 0 | |
| 10. | Téma zakončíme v České republi... | 4 | 1 |